<?xml version="1.0" encoding="UTF-8"?>
<record
    xmlns:xsi="http://www.w3.org/2001/XMLSchema-instance"
    xsi:schemaLocation="http://www.loc.gov/MARC21/slim http://www.loc.gov/standards/marcxml/schema/MARC21slim.xsd"
    xmlns="http://www.loc.gov/MARC21/slim">

  <leader>     nas a22     7a 4500</leader>
  <datafield tag="999" ind1=" " ind2=" ">
    <subfield code="c">139988</subfield>
    <subfield code="d">139986</subfield>
  </datafield>
  <controlfield tag="005">20180416132415.0</controlfield>
  <controlfield tag="008">180416s20069999mx |||p| |||| 00| a1spa d</controlfield>
  <datafield tag="022" ind1=" " ind2=" ">
    <subfield code="a">15788423</subfield>
  </datafield>
  <datafield tag="050" ind1="0" ind2="4">
    <subfield code="a">GV706.4</subfield>
    <subfield code="b">C83 2006</subfield>
  </datafield>
  <datafield tag="245" ind1="0" ind2="0">
    <subfield code="a">Cuadernos de psicolog&#xED;a del deporte</subfield>
    <subfield code="b">.</subfield>
  </datafield>
  <datafield tag="260" ind1=" " ind2=" ">
    <subfield code="a">Murcia, Espa&#xF1;a :</subfield>
    <subfield code="b">Universidad de Murcia,</subfield>
    <subfield code="c">2006</subfield>
  </datafield>
  <datafield tag="362" ind1="0" ind2=" ">
    <subfield code="a">Volumen 6, N&#xFA;mero 2 (2006)</subfield>
  </datafield>
  <datafield tag="500" ind1=" " ind2=" ">
    <subfield code="a">T&#xED;tulo tomado de la cubierta.</subfield>
  </datafield>
  <datafield tag="550" ind1=" " ind2=" ">
    <subfield code="a">Publicaci&#xF3;n de la Universidad de Murcia</subfield>
  </datafield>
  <datafield tag="555" ind1=" " ind2=" ">
    <subfield code="a">Volumen 6, N&#xFA;m. 2 (2006)-</subfield>
  </datafield>
  <datafield tag="588" ind1=" " ind2=" ">
    <subfield code="a">Descripci&#xF3;n basada en Volumen 6, N&#xFA;m. 2 (2006)</subfield>
  </datafield>
  <datafield tag="650" ind1=" " ind2="2">
    <subfield code="a">Psicolog&#xED;a del deporte</subfield>
    <subfield code="v">Publicaciones seriadas.</subfield>
  </datafield>
  <datafield tag="710" ind1="2" ind2=" ">
    <subfield code="a">Universidad de Murcia, (Espa&#xF1;a)</subfield>
  </datafield>
  <datafield tag="942" ind1=" " ind2=" ">
    <subfield code="2">lcc</subfield>
    <subfield code="c">REV</subfield>
  </datafield>
  <datafield tag="952" ind1=" " ind2=" ">
    <subfield code="1">0</subfield>
    <subfield code="2">lcc</subfield>
    <subfield code="4">0</subfield>
    <subfield code="7">1</subfield>
    <subfield code="a">LIC-047</subfield>
    <subfield code="b">LIC-047</subfield>
    <subfield code="c">CONSULTA</subfield>
    <subfield code="d">2018-04-16</subfield>
    <subfield code="f">1a ed.</subfield>
    <subfield code="h">V:6 N:2</subfield>
    <subfield code="k">CS</subfield>
    <subfield code="o">GV706.4 C83 2006</subfield>
    <subfield code="p">RBFP000000561</subfield>
    <subfield code="r">2018-04-16 00:00:00</subfield>
    <subfield code="t">1</subfield>
    <subfield code="y">REV</subfield>
  </datafield>
  <datafield tag="952" ind1=" " ind2=" ">
    <subfield code="1">0</subfield>
    <subfield code="2">lcc</subfield>
    <subfield code="4">0</subfield>
    <subfield code="7">1</subfield>
    <subfield code="a">LIC-047</subfield>
    <subfield code="b">LIC-047</subfield>
    <subfield code="c">CONSULTA</subfield>
    <subfield code="d">2018-04-16</subfield>
    <subfield code="f">1a ed.</subfield>
    <subfield code="h">V:7 N:1</subfield>
    <subfield code="k">CS</subfield>
    <subfield code="o">GV706.4 C83 2007</subfield>
    <subfield code="p">RBFP000000562</subfield>
    <subfield code="r">2018-04-16 00:00:00</subfield>
    <subfield code="t">1</subfield>
    <subfield code="y">REV</subfield>
  </datafield>
  <datafield tag="952" ind1=" " ind2=" ">
    <subfield code="1">0</subfield>
    <subfield code="2">lcc</subfield>
    <subfield code="4">0</subfield>
    <subfield code="7">1</subfield>
    <subfield code="a">LIC-047</subfield>
    <subfield code="b">LIC-047</subfield>
    <subfield code="c">CONSULTA</subfield>
    <subfield code="d">2018-04-16</subfield>
    <subfield code="f">1a ed.</subfield>
    <subfield code="h">V:7 N:2</subfield>
    <subfield code="k">CS</subfield>
    <subfield code="o">GV706.4 C83 2007</subfield>
    <subfield code="p">RBFP000000563</subfield>
    <subfield code="r">2018-04-16 00:00:00</subfield>
    <subfield code="t">1</subfield>
    <subfield code="y">REV</subfield>
  </datafield>
</record>
